LEADER 01255nam a2200301 a 4500 001 000000125418 003 CaOOAMICUS 005 20110524112639.0 008 110524s2010 it a u000 u ita r 040 $aPUL$bita 082 04$a759.05 100 1 $aZambianchi, Claudio.$0(OLS)http://pul/name/79380 245 10$aMonet e la pittura en plein air /$cClaudio Zambianchi. 260 $aFirenze :$bE-ducation.it S.p.a.,$c©2010. 300 $a323 p. :$bill. ;$c30 cm 490 1 $aL'etą dell'impressionismo 500 $aTitolo originale della collana: I grandi maestri dell'arte. 504 $aBibliografia p. 321-323. 600 14$aMonet, Claude,$d1840-1926.$0(OLS)http://pul/subject/37565 650 4$aPittura.$0(OLS)http://pul/subject/15768 830 0$aEtą dell'impressionismo.$0(OLS)http://pul/title/157521 850 $aPUL 852 $aPUL$W1$xSL Cons. Gen., Altre Classi 3$y75$m759. 05 COLL 1.2$j144444$qDDC 21$B143473$CPULBib$Z2$F143473 $H115546 $82 941 1 $a9 996 $6082$a759.05$9(OLS)http://pul/classification/1949 996 $6245$aMonet e la pittura en plein air$9(OLS)http://pul/title/158145 996 $6260$aFirenze :$bE-ducation.it S.p.a.$9(OLS)http://pul/publisher/81559 LEADER 01669nam a2200373 a 4500 001 000000172475 003 CaOOAMICUS 005 20190805140459.0 008 190805s2015 be 001 u lat r 020 $a978-2-503-55467-9* 032 $aLibriCat 040 $aPUL$bita$dReb 041 0 $alat$afre 100 1 $aOlivi, Pierre de Jean,$cO.F.M.,$d1248-1298.$0(OLS)http://pul/name/2447 245 10$aPetri Iohannis Olivi Postilla super Iob/$ccura et studio Alain Boureau. 246 3 $aPostilla super Iob 260 $aTurnhout :$bBrepols,$c2015. 300 $aXXXVI, 676 p. ;$c25 cm 490 1 $aCorpus Christianorum.$aContinuatio Mediaevalis ;$v275 490 1 $aPetri Iohannis Olivi Opera Exegetica ;$v2 504 $aBibliografia: p. [XXIX]-XXXVI. 546 $aTesto in latino con introduzione in francese. 700 1 $aBoureau, Alain,$d1946-$0(OLS)http://pul/name/34453 830 0$aPetri Iohannis Olivi Opera Exegetica ;$v2.$0(OLS)http://pul/title/153242 830 0$aCorpus Christianorum.$pContinuatio Mediaevalis ;$v275.$0(OLS)http://pul/title/6 850 $aPUL 852 $aPUL$W1$xSL Cons. Gen., Altre Classi 1$y1$m2008 B 1.275$j196404$qStampati$B201169$CPULBib$Z2$F201169 $H133287 $82 900 $aOlivi, Pietro di Giovanni,$cO.F.M.,$d1248-1298$92447 941 1 $a8 996 $6020$a978-2-503-55467-9*$9(OLS)http://pul/number/166555 996 $6246$aPostilla super Iob$9(OLS)http://pul/title/213424 996 $6245$aPetri Iohannis Olivi Postilla super Iob/$9(OLS)http://pul/title/213423 996 $6260$aTurnhout :$bBrepols$9(OLS)http://pul/publisher/47850